Представление документа в формате RUSMARC

ПолеНазваниеЗначение
  Тип записи a
  Библиографический уровень m
001 Контрольный номер RU/SLIB/B/208748009
005 Дата корректировки 20211124094818.7
010 Индекс ISBN __
d Цена 0-15
100 Данные общей обработки __
a Данные общей обработки 20211124d1989 m y0rusy028902 ca
101 Язык документа 0_
a Язык текста rus
102 Страна публикации __
a Страна публикации RU
105 Кодированные данные (монография) __
a Кодированные данные (монография) y j 000yy
181 Поле кодированных данных: вид содержания _0
a Код вида содержания (ISBD) i
182 Поле кодированных данных: тип средства _0
a Код типа средства (ISBD) n
200 Заглавие и сведения об ответственности 1_
a Заглавие Профилактика и коррекция нарушений психического развития детей при семейном алкоголизме
e Сведения, относящиеся к заглавию кн. для учителя
b Общее обозначение материала Текст
210 Выходные данные 1_
a Место издания М.
c Издательство Просвещение
d Дата издания 1989
215 Физическое описание __
a Объем 80 с.
606 Тематические рубрики __
a Основная рубрика Образование. Педагогика
606 Тематические рубрики __
a Основная рубрика Дефектология. Специальные школы
610 Ключевые слова 0_
a Ключевые слова психическое развитие; дети; алкоголизм; семейный алкоголизм; нарушения психического развития; нарушения развития; ЗПР; дети с задержкой психического развития; задержка психического развития; коррекционная педагогика
686 Индексы других классификаций __
a Классификационный индекс 74.56; В74
700 Автор _1
a Фамилия Мастюкова
b Имя Е. М.
4 Код отношения 070
701 Альтернативная интеллектуальная ответственность _1
a Фамилия Грибанова
b Имя Г.В.
701 Альтернативная интеллектуальная ответственность _1
a Фамилия Московкина
b Имя А.Г.
801 Источник записи _0
a Страна RU
b Организация Муниципальное бюджетное учреждение культуры "Централизованная библиотечная система" г. Сургут (Центральная городская библиотека им. А. С. Пушкина)
g Правила каталогизации КиК/Уланова
801 Источник записи _1
a Страна RU
b Организация Муниципальное бюджетное учреждение культуры "Централизованная библиотечная система" г. Сургут (Центральная городская библиотека им. А. С. Пушкина)
g Правила каталогизации КиК/Уланова
852 Данные о местонахождении __
j Шифр хранения 74.56
c Каталожный индекс 74.3
i Авторский знак М 32
p Инвентарный номер 40570
901 Тип документа __
t Тип документа m
990 Данные о заказе (DOS) __
j Количество экземпляров (DOS) 1